01234ny a22002533n 450000500170000000800410001703500090005804000170006708000210008408000330010509000130013810000320015124501420018325600240032526000290034950602800037865000300065865000380068874000390072685600930076594200080085895200950086699900190096120240305165313.0080610s2005 sp s 000 0 spa c a1274 aUMA.REdvLex a339-67(4-672 UE) a339.923(8=6 MERCOSUR)(0.034) c161d1611 aValsera Prieto, Ana Belén13aEl marco institucional de dos procesos de integración con éxitoh[Recurso electrónico]bUE y MERCOSUR /cAna Belén Valsera Prieto aServicio en línea aBarcelona :bvLex,c20051 aContenido solo disponible en los productos indicadosdvLex GlobaldvLex Global (Academic Edition, excluding Law Schools)dvLex Global (U.S. Academic Edition, Law Schools)dvLex Global (U.S. Academic Edition, excluding Law Schools)dvLex Global (Academic Edition, Law Schools)072Tesauro vLexaComunitario072Tesauro vLexaDerecho comunitario0 avLex Libros (Servicios en línea)40uhttps://app.vlex.com/#/sources/marco-institucional-procesos-integracion-ue-mercosur-1274 cRAA 001040708VLEX9317047aBD-UINbBD-UINd2024-03-05l0p1274r2024-03-05w2024-03-05yRAA c158699d158699